| Tag |
First Indicator |
Second Indicator |
Subfields |
| LEADER |
00000cam a2200000 4500 |
| 001 |
in00000363821 |
| 005 |
20151011082732.0 |
| 008 |
770311c19621952sp 00000 spa d |
| 035 |
|
|
|a (OCoLC)02794777
|
| 035 |
|
|
|9 ABQ1348AM
|
| 040 |
|
|
|a CSU
|c CSU
|d TXA
|d UtOrBLW
|
| 049 |
|
|
|a TXAM
|c [1399811]
|
| 090 |
|
|
|a PQ6615.E57
|b A6 1962
|
| 100 |
1 |
|
|a Hernández, Miguel,
|d 1910-1942.
|
| 245 |
1 |
0 |
|a Obra escogida :
|b poesia, teatro /
|c Prologo de Arturo del Hoyo.
|
| 250 |
|
|
|a [3. ed.].
|
| 264 |
|
1 |
|a Madrid :
|b Aguilar,
|c 1962
|
| 264 |
|
4 |
|c [©1952]
|
| 300 |
|
|
|a 556 pages ;
|c 21 cm.
|
| 336 |
|
|
|a text
|b txt
|2 rdacontent
|
| 337 |
|
|
|a unmediated
|b n
|2 rdamedia
|
| 338 |
|
|
|a volume
|b nc
|2 rdacarrier
|
| 490 |
1 |
|
|a Coleccion literaria; novelistas, dramaturgos, ensayistas, poetas
|
| 830 |
|
0 |
|a Coleccion literaria; novelistas, dramaturgos, ensayistas, poetas.
|
| 999 |
|
|
|a MARS
|
| 999 |
f |
f |
|s b90ed980-aa57-3f88-9f72-ae821dc78fdc
|i a4307873-463d-33d7-96fe-5823643ec536
|t 0
|
| 952 |
f |
f |
|p normal
|a Texas A&M University
|b College Station
|c Sterling C. Evans Library
|d Evans: Library Stacks
|t 0
|e PQ6615.E57 A6 1962
|h Library of Congress classification
|i unmediated -- volume
|m A14803816693
|
| 998 |
f |
f |
|a PQ6615.E57 A6 1962
|t 0
|l Evans: Library Stacks
|